000 00911njm a2200289Ia 4500
001 20340
003 IT-RoPAU
005 20220918181158.0
008 131025s9999 xx 000 0 und d
040 _aIT-RoPAU
040 _cIT-RoPAU
999 _c102755
_d102755
999 _bn.d.
100 _aBerlioz Hector
_91382
100 _eAutore musica
_91383
100 _gCodice autore musica SPICS: 9293
_91384
245 _aRomeo et Juliette
250 _a1a ed.
260 _aROMA
260 _bSPICS RECORDS
_c1982 [1a Ed.:1982 - Ed. Lingua Orig.: 1839]
300 _aMUSICASSETTA
500 _aMusica sinfonica
505 _aSinfonia fantastica op. 14
511 _aSymphonie dramatique avec choeurs solos de chant et prologueen recitatif choral
511 _aOrchestra sinfonica di Milano della Rai (Sinfonia fantastica op. 14)
650 _aSINFONICA [CASSETTE]
_eCodice MATERIA SPICS: 9951
_91385
942 _cMC
_2ddc